[Event "Berlin-ch Seniors op 17th"]
[Site "Berlin"]
[Date "2001.03.01"]
[Round "4"]
[White "Koenig, Heinz"]
[Black "Schroeder, Wolfgang"]
[Result "0-1"]
[WhiteElo "1867"]
[BlackElo "1700"]
[PlyCount "116"]
[EventDate "2001.02.??"]
[EventType "swiss"]
[EventRounds "9"]
[EventCountry "GER"]
[SourceTitle "EXT 2006"]
[Source "ChessBase"]
[SourceDate "2005.11.24"]
[SourceVersion "1"]
[SourceVersionDate "2005.11.24"]
[SourceQuality "1"]

1. e4 c5 2. Nf3 d6 3. c3 Nf6 4. h3 Bd7 5. d3 e6 6. Be2 Qb6 7. b3 Be7 8. Be3 Qc7 9. Nbd2 Bc6 10. 0-0 Nbd7 11. Bf4 0-0 12. a4 e5 13. Bh2 a5 14. c4 Rfe8 15. Re1 Nf8 16. Nb1 Ne6 17. Nc3 Nf4 18. Bxf4 exf4 19. Qd2 g6 20. Qxf4 Nh5 21. Qd2 Bf6 22. Rac1 Bg7 23. Nd5 Bxd5 24. cxd5 Qe7 25. Nh2 Qh4 26. Nf3 Qe7 27. Bd1 b6 28. Rc4 Qb7 29. Bc2 Nf6 30. Qf4 Rad8 31. g4 Nd7 32. Bd1 Ne5 33. Nxe5 Bxe5 34. Qg5 f6 35. Qd2 Re7 36. f4 Bd4+ 37. Kg2 f5 38. Bf3 Rde8 39. Rcc1 Qd7 40. Qc2 Rg7 41. Kh2 Qd8 42. Qg2 Qh4 43. Qg3 Qxg3+ 44. Kxg3 g5 45. exf5 gxf4+ 46. Kg2 Rxe1 47. Rxe1 Be3 48. Re2 b5 49. Ra2 b4 50. Be4 h5 51. Bf3 h4 52. Be4 Bd4 53. Kf3 Be5 54. Rg2 Rg5 55. Ke2 Kf7 56. Rf2 Kf6 57. Bg2 Rg7 58. Kf3 Kg5 0-1

[Event "Berlin-ch Seniors op 17th"]
[Site "Berlin"]
[Date "2001.02.10"]
[Round "1"]
[White "Uckar, Klaudijo"]
[Black "Koenig, Heinz"]
[Result "0-1"]
[WhiteElo "1780"]
[BlackElo "1867"]
[PlyCount "78"]
[EventDate "2001.02.??"]
[EventType "swiss"]
[EventRounds "9"]
[EventCountry "GER"]
[SourceTitle "EXT 2006"]
[Source "ChessBase"]
[SourceDate "2005.11.24"]
[SourceVersion "1"]
[SourceVersionDate "2005.11.24"]
[SourceQuality "1"]

1. d4 d5 2. Nf3 Nf6 3. g3 h6 4. Bg2 Bf5 5. 0-0 e6 6. b3 Nbd7 7. Bb2 Be7 8. Nbd2 0-0 9. c4 a5 10. Rc1 c6 11. c5 Ne4 12. Re1 Bf6 13. Nxe4 Bxe4 14. Nd2 Bxg2 15. Kxg2 Qe7 16. e4 dxe4 17. Nxe4 Rfd8 18. Nd6 Rab8 19. Qg4 b6 20. Ba3 bxc5 21. dxc5 Ne5 22. Qe4 a4 23. b4 Qc7 24. f4 Ng6 25. f5 exf5 26. Qxf5 Ne7 27. Qg4 Nd5 28. Rc2 Qd7 29. Qf3 Nxb4 30. Rce2 Nd5 31. Re4 Rf8 32. Rxa4 Bb2 33. Re2 Nc3 34. Bxb2 Nxa4 35. Bc1 Nxc5 36. Nf5 Kh7 37. Be3 Rb5 38. Rc2 Nd3 39. Re2 Rxf5 0-1